| 000 | 00512nam a2200145 4500 | ||
|---|---|---|---|
| 001 | 133326 | ||
| 003 | ES-MaACL | ||
| 007 | t| | ||
| 008 | 070214s1931 sp r ||||1| spa d | ||
| 100 | 1 |
_aRubio Sanjuán, Isidoro. _9100446 |
|
| 245 | 1 | 0 |
_aElementos de Mecánica industrial grafostática y sus aplicaciones a la construcción / _cpor Isidoro Rubio Sanjuán. |
| 260 |
_aMadrid : _b[s. n.], _c1931 ( _fNuevas Gráficas) |
||
| 300 |
_aVIII, 139 p., 2 lám. : _bil. ; _c26 cm. |
||
| 852 |
_aES-MaACL _jB-9587 _bR.19397 |
||
| 999 |
_c133326 _d133326 |
||